| 000 | 00000nam##2200000za#4500 |
| 001 | 9.699409 |
| 003 | CaOODSP |
| 005 | 20250506145324 |
| 007 | cr ||||||||||| |
| 008 | 150407|1986||||xxc|||||o f|0| 0 eng|d |
| 040 | |aCaOODSP|beng |
| 043 | |an-cn--- |
| 086 | 1 |aA15-5212/1986E-PDF |
| 110 | 1 |aCanada.|bAgriculture Canada. |
| 245 | 10|aIn search of plenty : |h[electronic resource]|bthe first century of the Agriculture Canada research arm |
| 260 | |aOttawa - Ontario : |bAgriculture Canada |c1986, reprinted 1986. |
| 300 | |a12p.|billus., map, photographs |
| 500 | |aHistorical publication digitized by Agriculture and Agri-Food Canada. |
| 590 | |a14-11-Supp|b2014-05-21 |
| 690 | 07|aAgriculture|2gcpds |
| 690 | 07|aAnimal research|2gcpds |
| 690 | 07|aApplied research|2gcpds |
| 690 | 07|aScientific research|2gcpds |
| 775 | 08|tÀ la recherche d'abondance : |w(CaOODSP)9.643396 |
| 856 | 40|ahttp://publications.gc.ca|qPDF|s1.3 MB|uhttps://publications.gc.ca/collections/collection_2014/aac-aafc/agrhist/A15-5212-1986-eng.pdf |
| 986 | |a5212/B |